[Event "Mayor de Chile"]
[Site "Santiago CHI"]
[Date "2005.02.19"]
[Round "6"]
[White "Magas,R"]
[Black "Sepulveda,Jor"]
[Result "1/2-1/2"]
[WhiteElo "2136"]
[BlackElo "2270"]

1.e4 c5 2.Nf3 Nc6 3.Bb5 g6 4.O-O Bg7 5.Nc3 Nf6 6.e5 Ng4 7.Bxc6 dxc6 8.Re1 Qc7
9.Qe2 Nh6 10.d3 Bg4 11.Bxh6 Bxh6 12.h3 Bxf3 13.Qxf3 Bd2 14.Re2 Bxc3 15.bxc3 Qa5
16.Rb1 Rb8 17.e6 O-O 18.exf7+ Rxf7 19.Qg3 Re8 20.Rxb7 Qxa2 21.Qe5 c4 22.Qe6 Qa1+
23.Kh2 cxd3 24.cxd3 Qxc3 25.Rxa7 Kf8 26.Rc7 Qxd3 27.Rxc6 Rf6 28.Qe3 Qxe2
29.Qxe2 Rxc6 30.Qe5 Rf6 31.f3 Rd8 32.Qe3 Rf5 33.Qh6+ Kg8 34.Qe3 Rf7 35.Kg3 Rd6
36.Qe5 h6 37.h4 Rdf6 38.Qb8+ Rf8 39.Qb3+ Kg7 40.Qc3 Rd8 41.Qc7 Re8 42.Qd7 Kf7
43.Qd2 h5 44.Qh6 Rd8 45.Qe3 Rdd6 46.Qa7 Rfe6 47.Qa2 Rd3 48.Qc4 Rd6 49.Qc1 Kg7
50.Qc3+ Kh7 51.Qc4 Re5 52.Qf7+ Kh8 53.Qf8+ Kh7 54.Qf7+ Kh8  1/2-1/2

[Event "71st ch-BRA"]
[Site "Sao Paulo BRA"]
[Date "2005.02.19"]
[Round "8"]
[White "Lima,Da"]
[Black "Matsuura,E"]
[Result "1-0"]
[WhiteElo "2529"]
[BlackElo "2462"]

1.e4 c5 2.Nf3 Nc6 3.Bb5 d6 4.O-O Bd7 5.Re1 a6 6.Bf1 Bg4 7.d3 g6 8.Nbd2 Bg7
9.h3 Bd7 10.c3 Nf6 11.d4 cxd4 12.cxd4 O-O 13.d5 Nb8 14.a4 e6 15.Nc4 exd5
16.exd5 Bxa4 17.Rxa4 b5 18.Ra2 bxc4 19.Bxc4 Re8 20.Be3 Qc8 21.b3 Nbd7 22.Nd4 Ne5
23.Rc2 Nxc4 24.bxc4 Nd7 25.Nc6 Ne5 26.c5 dxc5 27.Rxc5 Qd7 28.Bf4 Nxc6 29.dxc6 Qxd1
30.Rxd1 a5 31.c7 a4 32.Rb5 a3 33.Rb8 Raxb8 34.cxb8=Q Rxb8 35.Bxb8 Bb2 36.Rd8+ Kg7
37.Rd2 Kg8 38.Kh2 g5 39.f4 gxf4 40.Bxf4 a2 41.Rxb2 a1=Q 42.Be5  1-0

[Event "3rd Breizh Masters Women"]
[Site "Guingamp FRA"]
[Date "2005.02.20"]
[Round "3"]
[White "Makropoulou,M"]
[Black "Marchadour,C"]
[Result "1-0"]
[WhiteElo "2237"]
[BlackElo "2085"]

1.e4 c5 2.Nf3 Nc6 3.Bb5 Qb6 4.Nc3 e6 5.O-O Nge7 6.Re1 a6 7.Bf1 Ng6 8.b3 Qc7
9.Bb2 f6 10.Ne2 Bd6 11.d4 cxd4 12.Nexd4 O-O 13.c4 b6 14.g3 Bb7 15.a3 f5 16.exf5 exf5
17.Nxc6 dxc6 18.Ng5 c5 19.Qh5 h6 20.Qxg6 hxg5 21.Rad1 Rad8 22.Qxg5 Bf3 23.Bg2 Bxg2
24.Kxg2 Rf7 25.Rd5 Rdf8 26.f4 Be7 27.Qh5 Qc6 28.Qf3 Bf6 29.Be5 Rd7 30.Bxf6 Rxf6
31.Red1 Re7 32.Rd8+ Kh7 33.Qxc6 Rxc6 34.Kf2 Rce6 35.R1d2 Re1 36.R8d6 Rh1
37.Kg2 Ra1 38.a4 Rb7 39.Kh3 Rb1 40.R2d3 Rb2 41.R6d5 Rf7 42.Rd6 Rb7 43.Re6 a5
44.Red6 Rb8 45.Kh4 Rxh2+ 46.Kg5 Re2 47.Kxf5 Rf8+ 48.Kg5 Rb8 49.g4 Rb2 50.f5 Kg8
51.Kg6 Kf8 52.Rd8+ Rxd8 53.Rxd8+ Ke7 54.Rb8  1-0

[Event "Aeroflot Open B"]
[Site "Moscow RUS"]
[Date "2005.02.20"]
[Round "6"]
[White "Prokopchuk,E"]
[Black "Kovalevskaya,E"]
[Result "1/2-1/2"]
[WhiteElo "2520"]
[BlackElo "2466"]

1.e4 c5 2.Nf3 Nc6 3.Bb5 g6 4.Bxc6 dxc6 5.d3 Bg7 6.h3 Nf6 7.Nc3 Nd7 8.Be3 e5
9.Qd2 h6 10.O-O Qe7 11.Nh2 Nf8 12.f4 exf4 13.Rxf4 Be6 14.Raf1 Nd7 15.R4f2 O-O-O
16.Nf3 g5 17.Ne2 Ne5 18.b3 Rhg8 19.Nh2 Bh8 20.Ng3 g4 21.hxg4 Nxg4 22.Nxg4 Rxg4
23.Nf5 Bxf5 24.Rxf5 Be5 25.Bf4 Bd4+ 26.Be3 Be5 27.Bf4 Bd4+  1/2-1/2

[Event "GM"]
[Site "Nancy FRA"]
[Date "2005.02.20"]
[Round "9"]
[White "Wirig,A"]
[Black "Tirard,H"]
[Result "1-0"]
[WhiteElo "2396"]
[BlackElo "2461"]

1.e4 c5 2.Nf3 Nc6 3.Bb5 e6 4.O-O Nge7 5.Re1 Qb6 6.Nc3 g6 7.Bxc6 Nxc6 8.b3 Bg7
9.Bb2 O-O 10.Na4 Qa5 11.Bxg7 Kxg7 12.d4 cxd4 13.Nxd4 e5 14.Nf3 d6 15.h3 Rd8
16.c4 Be6 17.Qd3 a6 18.Nc3 Qa3 19.Ng5 Rac8 20.Nxe6+ fxe6 21.h4 Rf8 22.Ne2 Qc5
23.Rf1 Rf7 24.Rad1 Rd8 25.h5 g5 26.Qg3 h6 27.Kh2 Rdf8 28.f3 a5 29.Qf2 Ra8
30.Nc3 Nd4 31.Nb5 Nxb5 32.Qxc5 dxc5 33.cxb5 a4 34.Rd6 Kf6 35.Rc1 axb3 36.axb3 Ra3
37.Rxc5 Rxb3 38.Rc8 Rxb5 39.Re8 Re7 40.Rh8 Kg7 41.Rdd8 Rb2 42.Rdg8+ Kf7 43.Rg6 g4
44.fxg4 Re2 45.Rgxh6  1-0

[Event "Aeroflot Open B"]
[Site "Moscow RUS"]
[Date "2005.02.21"]
[Round "7"]
[White "Ulibin,M"]
[Black "Al Sayed,Mohamad"]
[Result "1-0"]
[WhiteElo "2535"]
[BlackElo "2463"]

1.e4 c5 2.Nf3 Nc6 3.Bb5 g6 4.Bxc6 bxc6 5.O-O Bg7 6.c3 Ba6 7.d3 Nf6 8.Re1 O-O
9.d4 d5 10.e5 Ne4 11.Nbd2 cxd4 12.cxd4 c5 13.Nb3 c4 14.Nbd2 Bb7 15.Nxe4 dxe4
16.Ng5 Qd5 17.Nh3 f6 18.Nf4 Qd7 19.d5 f5 20.Qd4 Rfc8 21.Bd2 Rd8 22.Ba5 g5
23.Bxd8 gxf4 24.Ba5 Bxd5 25.Bd2 Bh6 26.g3 Kf7 27.Bxf4 Bxf4 28.gxf4 Rg8+ 29.Kf1 c3
30.b3 e3 31.e6+ Qxe6 32.Rxe3 Qa6+ 33.Qd3 Bb7 34.Qc4+ Kf8 35.Rg3 Rxg3 36.hxg3 Qf6
37.b4 Be4 38.Rc1 c2 39.Ke2 Qd6 40.a3 a5 41.Qc3 axb4 42.axb4 Qa6+ 43.Ke1 Qe6
44.Qh8+ Kf7 45.Qxh7+ Ke8 46.Qh8+ Kf7 47.Qd4 Qb3 48.Kd2 Kg6 49.g4 Kf7 50.g5 Kg6
51.Qb6+ Kg7 52.Qd4+ Kg6 53.Qb6+ Kf7 54.g6+ Kg7 55.Qd4+ Kxg6 56.Rg1+ Kf7 57.Qg7+ Ke8
58.Qg8+ Qxg8 59.Rxg8+ Kd7 60.Rg6 e6 61.b5 Kd6 62.b6 Kc6 63.Rxe6+  1-0

[Event "III Festival Olimpico"]
[Site "Salinas ECU"]
[Date "2005.02.21"]
[Round "7"]
[White "Fierro Baquero,M"]
[Black "Munoz Sanchez,M"]
[Result "1-0"]
[WhiteElo "2330"]
[BlackElo "2388"]

1.e4 c5 2.Nf3 Nc6 3.Bb5 g6 4.c3 Bg7 5.d4 cxd4 6.cxd4 Qb6 7.Nc3 Nxd4 8.Nd5 Qa5+
9.b4 Nxf3+ 10.Qxf3 Qd8 11.Bf4 e5 12.Qc3  1-0

[Event "Mayor de Chile"]
[Site "Santiago CHI"]
[Date "2005.02.21"]
[Round "8"]
[White "Magas,R"]
[Black "Troncoso,P"]
[Result "1/2-1/2"]
[WhiteElo "2136"]
[BlackElo "2162"]

1.e4 c5 2.Nf3 Nc6 3.Bb5 e6 4.O-O Nge7 5.b3 a6 6.Bxc6 Nxc6 7.Bb2 d6 8.c4 e5
9.Nc3 Be7 10.Nd5 O-O 11.d3 f5 12.exf5 Bxf5 13.Ne1 Bg6 14.g3 Nd4 15.Bxd4 cxd4
16.f4 exf4 17.Nxf4 Bg5 18.Neg2 Bf7 19.Qg4 Bf6 20.Ne6 Bxe6 21.Qxe6+ Kh8 22.Rae1 Be5
23.Rxf8+ Qxf8 24.Rf1 Bf6 25.Nf4 Re8 26.Qh3 Kg8 27.Nd5 Qf7 28.Nxf6+ gxf6 29.Qg4+ Kh8
30.Qxd4 Re6 31.Qf2 Qe7 32.d4 Kg7 33.Qf3 Re4 34.d5 Qe5 35.Qf5 Qd4+ 36.Kg2 Re2+
37.Rf2 Rxf2+ 38.Qxf2 Qe4+ 39.Qf3 Qc2+ 40.Kh3 Qxa2 41.Qg4+ Kh6 42.Qf4+ Kg6
43.Qg4+ Kh6 44.Qf5 Kg7 45.Qd7+ Kg6 46.Qe8+ Kh6 47.Qf8+ Kg6 48.Qg8+ Kh6 49.Qf7 Qb2
50.Qf8+ Kg6 51.Qg8+ Kh6 52.Qf8+ Kg6 53.Qxd6 Qxb3 54.Qf4 Qd3 55.d6 f5 56.Kh4 Kf7
57.g4 Ke6 58.gxf5+ Kd7 59.c5 Qc3 60.Qe4 Qf6+ 61.Kg4 Qg7+ 62.Kf4 Qh6+ 63.Kg3 Qg7+
64.Kf3 Qc3+ 65.Qe3 Qa1 66.Qe7+ Kc6 67.Qc7+ Kd5 68.Qxb7+ Kxc5 69.Qc7+ Kd5
70.d7 Qf1+ 71.Kg4 Qe2+ 72.Kg5 Qd2+ 73.Qf4 h6+ 74.Kg4 h5+ 75.Kg5  1/2-1/2

[Event "Aeroflot Open B"]
[Site "Moscow RUS"]
[Date "2005.02.22"]
[Round "8"]
[White "Turov,M"]
[Black "Maletin,P"]
[Result "0-1"]
[WhiteElo "2543"]
[BlackElo "2468"]

1.e4 c5 2.Nf3 Nc6 3.Bb5 g6 4.Bxc6 dxc6 5.d3 Bg7 6.h3 Nf6 7.Nc3 Nd7 8.Be3 e5
9.Qd2 h6 10.O-O Qe7 11.Nh2 Nf8 12.f4 exf4 13.Rxf4 Ne6 14.Rf2 Nd4 15.Raf1 Be6
16.Ng4 O-O-O 17.Nxh6 f6 18.Nd1 Rh7 19.c3 Nb5 20.Ng4 Bxg4 21.hxg4 Nd6 22.Rf3 c4
23.Nf2 cxd3 24.Qxd3 Nf5 25.exf5 Rxd3 26.Nxd3 gxf5 27.gxf5 Qd6 28.Bxa7 Qh2+
29.Kf2 Bf8 30.Bd4 Rg7 31.Nf4 Rg4 32.Be3 Bd6 33.Ke1 Bxf4 34.Rxf4 Rxg2 35.R4f2 Rxf2
36.Rxf2 Qg1+ 37.Ke2 Qb1 38.Bd4 Qxb2+ 39.Kf3 Qb1 40.Bxf6 Qxf5+ 41.Ke3 Qe6+
42.Kd3 Qd5+ 43.Ke3 c5 44.Kf4 Kd7 45.Kg3 Kc6 46.Kf4 Qd3 47.a4 Kd5 48.a5 Qe4+
49.Kg5 Ke6 50.Rf4 Qd3 51.Bg7 Qd8+ 52.Rf6+ Kd5 53.Kg6 Qxa5 54.Kh7 Kc4 55.Rf4+ Kb3
56.Rh4 Qd8 57.Rh6 Kc4 58.Rh2 Qd3+ 59.Kh8 b5 60.Rh4+ Kb3 61.Rh2 c4 62.Rh5 b4
63.cxb4 c3 64.Bxc3 Qxc3+ 65.Kh7 Qc7+ 66.Kg6 Qd6+ 67.Kg7 Qe7+ 68.Kg6 Kxb4
69.Rf5 Kc4 70.Rf4+ Kd5 71.Rf5+ Ke4 72.Rg5 Kf4 73.Rf5+ Kg4 74.Rf6 Qe4+ 75.Kh6 Qb7
76.Kg6 Qe7 77.Ra6 Qe4+ 78.Kf6 Qf4+ 79.Ke7 Qc7+ 80.Kf6 Qd8+ 81.Ke5 Qe7+ 82.Kd5 Kf5
83.Rd6 Qb7+ 84.Rc6 Qd7+ 85.Kc5 Ke5 86.Kb6 Qd4+ 87.Kb7 Kd5 88.Rg6 Qe4 89.Rc6 Qe8
90.Rc1 Qe2 91.Rc7 Qb5+ 92.Ka7 Kd6 93.Rc3 Qd7+ 94.Kb8 Qg7 95.Rc2 Qd4 96.Rc8 Qb4+
97.Ka7 Kd7 98.Rb8 Qc5+ 99.Ka6 Qa3+ 100.Kb6 Qe3+ 101.Kb7 Qe6 102.Ka7 Qe5 103.Kb7 Qa5  0-1

[Event "Aeroflot Open B"]
[Site "Moscow RUS"]
[Date "2005.02.22"]
[Round "8"]
[White "Yandemirov,V"]
[Black "Kovalevskaya,E"]
[Result "1-0"]
[WhiteElo "2481"]
[BlackElo "2466"]

1.e4 c5 2.Nf3 Nc6 3.Bb5 g6 4.O-O Bg7 5.c3 e5 6.d4 cxd4 7.cxd4 exd4 8.Bf4 Nge7
9.Bd6 O-O 10.Nbd2 a6 11.Bd3 b6 12.Rc1 Bb7 13.Re1 Re8 14.e5 Nd5 15.Be4 Nf4
16.Nxd4 Rc8 17.Nxc6 dxc6 18.Nf3 Qd7 19.Qb3 c5 20.Bxb7 Qxb7 21.Rxc5 Rxc5 22.Bxc5 Rxe5
23.Be3 g5 24.Rd1 Re8 25.Bxf4 gxf4 26.h3 b5 27.Qc2 h6 28.b3 Qc8 29.Qd2 Qf5
30.Qd7 Qxd7 31.Rxd7 Rc8 32.Kf1 Rc1+ 33.Ke2 b4 34.Rd1 Rc6 35.Rd8+ Kh7 36.Kd3 Re6
37.Rd5 Bc3 38.Rf5 Rd6+ 39.Kc2 Kg7 40.Rxf4 Re6 41.Kd3 Rd6+ 42.Nd4 Rd8 43.Kc4 Rc8+
44.Kd3 Rc5 45.Nf5+ Kg6 46.Ne7+ Kg7 47.Rf5 Rc7 48.Nd5 Rc5 49.Ne3 Rc6 50.Rd5 Bf6
51.Nc4 Be7 52.f4 Rc7 53.Ke4 Bf6 54.Rd6 Ra7 55.Ne3 h5 56.Nf5+ Kg6 57.g4 hxg4
58.hxg4 Ra8 59.g5  1-0

[Event "Mayor de Chile"]
[Site "Santiago CHI"]
[Date "2005.02.22"]
[Round "9"]
[White "Llorens,M"]
[Black "Torres,Cr"]
[Result "1-0"]
[WhiteElo "2418"]
[BlackElo "2240"]

1.e4 c5 2.Nf3 Nc6 3.Bb5 g6 4.O-O Bg7 5.c3 Nf6 6.Re1 O-O 7.e5 Nd5 8.d4 cxd4
9.cxd4 d6 10.Nc3 Nxc3 11.bxc3 a6 12.Bxc6 bxc6 13.exd6 exd6 14.Bg5 f6 15.Bf4 g5
16.Be3 Rb8 17.Qa4 Qc7 18.Nd2 Kh8 19.Reb1 Rb5 20.c4 Ra5 21.Qb3 Bf5 22.Rb2 d5
23.a4 dxc4 24.Qxc4 Qd6 25.Rb7 Be6 26.Qc2 Bf5 27.Qb3 Be6 28.Nc4 Bxc4 29.Qxc4 Qd5
30.Qb4 Qf5 31.Rb8 Kg8 32.Bd2  1-0

[Event "Mayor de Chile"]
[Site "Santiago CHI"]
[Date "2005.02.23"]
[Round "10"]
[White "Arancibia,E"]
[Black "Llorens,M"]
[Result "1/2-1/2"]
[WhiteElo "2364"]
[BlackElo "2418"]

1.e4 c5 2.Nf3 Nc6 3.Bb5 g6 4.Bxc6 dxc6 5.d3 Bg7 6.h3 Nf6 7.Nc3 b6 8.Be3 Nd7
9.Qd2 e5 10.Bh6 Qf6 11.Nh2 Nf8 12.Ng4 Bxg4 13.hxg4 Ne6 14.O-O-O O-O-O 15.Qe3 Rd7
16.g3 Bxh6 17.Rxh6 Qd8 18.Rdh1 f6 19.f4 Nd4 20.R1h2 Kb7 21.Ne2 a5 22.Nxd4 cxd4
23.Qg1 c5 24.Qh1 c4 25.Rxh7 Rhxh7 26.Rxh7 cxd3 27.Rxd7+ Qxd7 28.cxd3 Qxg4
29.fxe5 fxe5 30.Qh7+ Kc6  1/2-1/2

[Event "Mimoza Open"]
[Site "Herceg Novi SCG"]
[Date "2005.02.26"]
[Round "2"]
[White "Popovic,Du"]
[Black "Popadic,Dr"]
[Result "1-0"]
[WhiteElo "2462"]
[BlackElo "2274"]

1.e4 c5 2.Nf3 Nc6 3.Bb5 e5 4.O-O d6 5.h3 Nf6 6.d3 Be7 7.a3 O-O 8.c3 a6 9.Bc4 d5
10.exd5 Nxd5 11.Re1 Bf6 12.Be3 Nxe3 13.Rxe3 Bf5 14.Qe2 b5 15.Bb3 Qd7 16.Nbd2 Rad8
17.Bc2 c4 18.Ne4 Bxe4 19.dxe4 Ne7 20.Kh2 Ng6 21.g3 Qc7 22.Qf1 Be7 23.Ree1 Bc5
24.Kg2 Rd6 25.a4 Rfd8 26.Red1 h6 27.Rxd6 Rxd6 28.axb5 axb5 29.b3 cxb3 30.Bxb3 Rb6
31.Bd5 Rb8 32.Ra6 Ne7 33.Qe2 Bb6 34.Qa2 Ng6 35.h4 Qd7 36.Nh2 Nf8 37.h5 Nh7
38.Ra8 Rxa8 39.Qxa8+ Nf8 40.Qb8 Bc7 41.Qa8 Qd8 42.Qa2 Qe7 43.Nf3 Nd7 44.Qa6 Nf6
45.Qxb5 Nxh5 46.c4 Bd6 47.Nh4 Nf4+ 48.Kf1 Nd3 49.Nf5 Qf6 50.Qd7 Bf8 51.Bxf7+ Qxf7
52.Qxd3 Kh7 53.Qd5  1-0

[Event "Mimoza Open"]
[Site "Herceg Novi SCG"]
[Date "2005.02.26"]
[Round "3"]
[White "Popovic,Du"]
[Black "Damljanovic,B"]
[Result "1-0"]
[WhiteElo "2462"]
[BlackElo "2587"]

1.e4 c5 2.Nf3 Nc6 3.Bb5 g6 4.O-O Bg7 5.Re1 Nf6 6.e5 Nd5 7.Nc3 Nc7 8.Bxc6 dxc6
9.Ne4 Ne6 10.d3 O-O 11.Be3 b6 12.Qd2 f5 13.exf6 exf6 14.Bh6 g5 15.Bxg7 Nxg7
16.h3 Bf5 17.Qc3 Rc8 18.Rad1 Rc7 19.d4 Bxe4 20.Rxe4 Qd5 21.Rde1 c4 22.Nd2 b5
23.b3 cxb3 24.axb3 Rd7 25.Qd3 Qd6 26.c3 a5 27.R4e3 Qd5 28.Ne4 Nf5 29.Rf3 Rdf7
30.g3 Ng7 31.c4 Qd8 32.Nc5 bxc4 33.bxc4 Qc8 34.Kh2 Rd8 35.Rfe3 Qf5 36.Ne4 Qd7
37.Qc3 Qxd4 38.Qxa5 h6 39.c5 Rdf8 40.Nd6 Rd7 41.Qa2+ Kh8 42.Qc2 f5 43.Qc3 Qxc3
44.Rxc3 f4 45.g4 Ra8 46.Rb3 Ra5 47.Rb8+ Kh7 48.Ne4 Kg6 49.Rc8 Ra6 50.Nd6 Rda7
51.Nc4 Rf7 52.Ne5+  1-0

[Event "12th Metalis Open"]
[Site "Bizovac CRO"]
[Date "2005.02.27"]
[Round "7"]
[White "Feletar,D"]
[Black "Brulic,D"]
[Result "1-0"]
[WhiteElo "2392"]
[BlackElo "2222"]

1.e4 c5 2.Nf3 Nc6 3.Bb5 Qc7 4.Nc3 e6 5.Bxc6 bxc6 6.d3 Ne7 7.O-O Ng6 8.Be3 Be7
9.Na4 d6 10.e5 dxe5 11.Bxc5 O-O 12.Re1 f6 13.Qd2 Re8 14.Qc3 Bd8 15.Nd2 Qd7
16.Nc4 Bc7 17.Bb4 Nf4 18.Ba5 Qd5 19.f3 Bb8 20.Ne3 Qb5 21.b3 e4 22.fxe4 Qh5
23.Qxc6 Nxg2 24.Nxg2 Qxh2+ 25.Kf1 Rf8 26.Bb4 Bg3 27.Bxf8 Qh1+ 28.Ke2 Qxg2+
29.Kd1 Bxe1 30.Kxe1 Rb8 31.Qc7 Ra8 32.Qc6 Rb8 33.Qe8 Qg3+ 34.Kd2 Qf2+ 35.Kc3 Bd7
36.Qxb8  1-0

[Event "ch-RUS u20g"]
[Site "Nojabrsk RUS"]
[Date "2005.03.03"]
[Round "2"]
[White "Tairova,E"]
[Black "Nebolsina,V"]
[Result "1/2-1/2"]
[WhiteElo "2277"]
[BlackElo "2284"]

1.e4 c5 2.Nf3 Nc6 3.Bb5 e6 4.O-O Nge7 5.c3 a6 6.Ba4 b5 7.Bc2 Bb7 8.Qe2 g6
9.d4 cxd4 10.cxd4 Bg7 11.Be3 Nb4 12.Nc3 Nxc2 13.Qxc2 O-O 14.a3 f5 15.Rad1 Rc8
16.e5 h6 17.Qe2 g5 18.Ne1 Nd5 19.Bd2 Nb6 20.Nd3 Qc7 21.Nc5 Ba8 22.b4 Nd5
23.Nb1 Qc6 24.f3 Rcd8 25.Rc1 Qb6 26.Kh1 Rfe8 27.Rfe1 Ne7 28.Be3 Nd5 29.Bd2 Bc6
30.Rc2 Ra8 31.Rec1 Qd8 32.Nb3 Ra7 33.Na5 Ba8 34.Nc3 Ne7 35.Nd1 Nc6 36.Nb3 Rc7
37.Be3 Qb8 38.Nc5 Bb7 39.Nb2 Rec8 40.Nbd3 Nd8 41.Bf2 Nc6 42.Nxb7 Qxb7 43.Nc5 Qa8
44.Qd2 Nb8 45.Kg1 Qd5 46.Nxe6 Rxc2 47.Rxc2 Rxc2 48.Qxc2 dxe6 49.Qc8+ Kh7
50.Qxb8 Qb3 51.h3 Qxa3 52.Qd6 Qa2  1/2-1/2

[Event "XI Anibal Open"]
[Site "Linares ESP"]
[Date "2005.03.04"]
[Round "9"]
[White "Vila Gazquez,Ja"]
[Black "Valden,P"]
[Result "1-0"]
[WhiteElo "2307"]
[BlackElo "2185"]

1.e4 c5 2.Nf3 Nc6 3.Bb5 g6 4.O-O Bg7 5.Re1 Nf6 6.e5 Nd5 7.d4 cxd4 8.Bxc6 dxc6
9.Qxd4 O-O 10.Qh4 f6 11.exf6 exf6 12.c4 Nc7 13.Qg3 Re8 14.Be3 Be6 15.Na3 Qd7
16.Rad1 Qf7 17.b3 Bf8 18.Nc2 Na6 19.h4 Nc5 20.Ncd4 Rad8 21.Nxe6 Rxd1 22.Rxd1 Qxe6
23.Qc7 Qf7 24.Qxf7+ Kxf7 25.b4 Ne6 26.Rd7+ Re7 27.Rd3 b5 28.c5 a5 29.a3 axb4
30.axb4 Ra7 31.g3 Ra1+ 32.Kg2 Rb1 33.Bd2 Ke8 34.Ra3 Kd7 35.Ra7+ Nc7 36.Bf4 Rxb4
37.Rxc7+ Kd8 38.Rxc6  1-0

[Event "Acropolis Women's GM Open"]
[Site "Athens GRE"]
[Date "2005.03.06"]
[Round "1"]
[White "Partac,E"]
[Black "Dembo,Y"]
[Result "0-1"]
[WhiteElo "2191"]
[BlackElo "2395"]

1.e4 c5 2.Nf3 Nc6 3.Bb5 g6 4.O-O Bg7 5.Re1 Nf6 6.e5 Nd5 7.Nc3 Nc7 8.Bxc6 dxc6
9.Ne4 Ne6 10.d3 O-O 11.Be3 b6 12.Qd2 Nc7 13.Bh6 Bg4 14.Bxg7 Kxg7 15.Qf4 Bxf3
16.Qxf3 Ne6 17.c3 Qd5 18.Qg3 Rad8 19.Re3 c4 20.dxc4 Qd1+ 21.Re1 Qh5 22.h3 Rd7
23.a4 Rfd8 24.a5 Rd3 25.f3 b5 26.cxb5 cxb5 27.b4 R8d5 28.Nf2 Rxc3 29.Rad1 Rxd1
30.Rxd1 Rc4 31.Nd3 Rd4 32.Qe1 Qf5 33.Nf2 Rxd1 34.Nxd1 Nf4 35.Nf2 Qg5 36.Ng4 h5
37.h4 Qf5 38.Nf2 Nd5 39.Kh1 Qf4 40.Nd3 Qc4 41.Qe4 e6 42.Kh2 Qc2 43.Qd4 Qd2
44.Qe4 Ne3 45.f4 Qe2 46.Nc5 Qf2 47.Qf3 Qxh4+ 48.Kg1 Qe1+ 49.Kh2 Ng4+  0-1

[Event "Acropolis GM Open"]
[Site "Athens GRE"]
[Date "2005.03.06"]
[Round "1"]
[White "Kotrotsos,V"]
[Black "Sideris,T"]
[Result "1-0"]
[WhiteElo "2310"]
[BlackElo "2115"]

1.e4 c5 2.Nf3 Nc6 3.Bb5 e6 4.O-O Nge7 5.b3 a6 6.Bxc6 Nxc6 7.Bb2 Be7 8.Bxg7 Rg8
9.Bb2 d5 10.d3 d4 11.Nbd2 e5 12.Kh1 Bg5 13.a3 Bg4 14.Qe1 Bf4 15.g3 Bh6 16.Ng1 Qg5
17.Bc1 Qh5 18.f3 Be6 19.Nc4 Bxc1 20.Rxc1 b5 21.Nd2 Ke7 22.f4 Bg4 23.Ndf3 f6
24.Qf2 Raf8 25.f5 Bxf3+ 26.Nxf3 Qf7 27.h3 b4 28.a4 a5 29.Kg2 Rg7 30.Rg1 Rfg8
31.Kf1 Qh5 32.Nh4 Qxh4 33.gxh4 Rxg1+ 34.Qxg1 Rxg1+ 35.Kxg1 Kf7 36.Kf2 Ne7
37.h5 Ng8 38.h6 Nxh6 39.Rg1 Ng8 40.Kg3 Kg7 41.Kh4+ Kf7 42.Kh5 Kf8 43.h4 Kf7
44.Rg2 Kf8 45.Rg6 Kf7 46.Rg1 Kf8 47.Kg4 Kf7 48.h5 Nh6+ 49.Kf3 Ng8 50.Ke2 Nh6
51.c3 bxc3 52.Kd1 Kf8 53.Kc2 Nf7 54.Rg3 Nd8 55.h6 Nc6 56.Kc1 Nb4 57.Kd1 Kf7
58.Rg7+ Kf8 59.Rxh7 Nxd3 60.Ra7 Kg8 61.Rxa5  1-0

[Event "TCh-BEL 2004-5"]
[Site "Belgium BEL"]
[Date "2005.03.06"]
[Round "10"]
[White "Stellwagen,D"]
[Black "Chuchelov,V"]
[Result "1-0"]
[WhiteElo "2524"]
[BlackElo "2571"]

1.e4 c5 2.Nf3 Nc6 3.Bb5 g6 4.O-O Bg7 5.Re1 Nf6 6.e5 Nd5 7.Nc3 Nc7 8.Bxc6 dxc6
9.Ne4 Ne6 10.d3 O-O 11.Be3 b6 12.Qd2 f5 13.exf6 exf6 14.Bh6 a5 15.Bxg7 Kxg7
16.Ng3 Ra7 17.Re4 Nd4 18.Nxd4 cxd4 19.Rae1 c5 20.Ne2 Rff7 21.Nf4 Rae7 22.Qe2 Rxe4
23.Qxe4 Qd6 24.Ne6+ Kg8 25.Qa8 Qd7 26.Nf4 Kg7 27.h3 Qb7 28.Qxb7 Rxb7 29.Re8 Bf5
30.g4 Kf7 31.Rh8 Kg7 32.Rd8 Bd7 33.a3 Kf7 34.Kh2 g5 35.Nh5 Be6 36.Rh8 Kg6
37.f4 f5 38.Kg3 fxg4 39.hxg4 gxf4+ 40.Nxf4+ Kf6 41.g5+ Kg7 42.Rd8 Ba2 43.Rd6 Kf8
44.Kf3 Ke7 45.Rf6 Kd8 46.Kg4 Ke8 47.Kh5 Bb1 48.Re6+ Kf7 49.Rf6+ Kg8 50.c3 Rf7
51.Rxf7 Kxf7 52.cxd4 cxd4 53.Kh6 Kg8 54.g6 hxg6 55.Kxg6 Kf8 56.Kf6 Ba2 57.Ke5 Ke7
58.Nd5+ Kd7 59.Nxb6+ Kc6 60.Nc8 Kd7 61.Nd6 Kc6 62.Ne4 Bg8 63.Kxd4 Bh7 64.Ke5 Kb5
65.d4 Kc4 66.d5 Bg6 67.d6 Be8 68.Nf6 Bc6 69.d7 Bxd7 70.Nxd7 Kb3 71.Nc5+ Kxb2
72.a4  1-0

[Event "Sozina Open"]
[Site "Bar SCG"]
[Date "2005.03.07"]
[Round "4"]
[White "Nestorovic,DN"]
[Black "Mirkovic,St"]
[Result "1-0"]
[WhiteElo "2328"]
[BlackElo "2103"]

1.e4 c5 2.Nf3 Nc6 3.Bb5 g6 4.O-O Bg7 5.Re1 e5 6.Bxc6 dxc6 7.b3 Qe7 8.Bb2 Nh6
9.d3 O-O 10.Nbd2 f6 11.a4 Be6 12.a5 Nf7 13.Nc4 Rfd8 14.Qe2 Qc7 15.Nfd2 Nd6
16.Nxd6 Qxd6 17.f4 exf4 18.e5 fxe5 19.Bxe5 Bxe5 20.Qxe5 Qxe5 21.Rxe5 Re8
22.Ne4 Kg7 23.Nd6 Re7 24.Rae1 Kf6 25.R5e2 f3 26.gxf3 b6 27.Nc4 Rb8 28.Kf2 Ree8
29.Nd6 Re7 30.Kg3 h6 31.f4 Rd8 32.Nc4 Rb8 33.h4 Rbb7 34.Nd6 Rbc7 35.Re5 Bf7
36.axb6 axb6 37.Rxe7 Rxe7 38.Rxe7 Kxe7 39.Nc8+ Ke6 40.Nxb6 Kd6 41.Kf3 Be6
42.Nc4+  1-0

[Event "Acropolis GM Open"]
[Site "Athens GRE"]
[Date "2005.03.08"]
[Round "3"]
[White "Rozentalis,E"]
[Black "Hamdouchi,H"]
[Result "1/2-1/2"]
[WhiteElo "2584"]
[BlackElo "2555"]

1.e4 c5 2.Nf3 Nc6 3.Bb5 d6 4.O-O Bd7 5.d3 Nf6 6.Re1 a6 7.Bxc6 Bxc6 8.c4 e5
9.Nc3 Be7 10.a3 O-O 11.b4 b6 12.Bg5 Ne8 13.Bxe7 Qxe7 14.Rb1 Qd8 15.Qb3 Nc7
16.bxc5 bxc5 17.Qb6 Qd7 18.Nd5 Nxd5 19.exd5 Ba4 20.Rb2 h6 21.Nd2 f5 22.f4 exf4
23.Re6 Rfe8 24.Qxd6 Rxe6 25.Qxe6+ Qxe6 26.dxe6 Rd8 27.Nf3 Rxd3 28.Rb6 Re3
29.Nh4 Kh7 30.Nxf5 Re5 31.Ne7 Bc2 32.Rd6 Bb3 33.Nc6 Re4 34.Na5  1/2-1/2

[Event "ch-BLR"]
[Site "Minsk BLR"]
[Date "2005.03.08"]
[Round "5"]
[White "Kovalev,An"]
[Black "Kupreichik,V"]
[Result "1/2-1/2"]
[WhiteElo "2565"]
[BlackElo "2437"]

1.e4 c5 2.Nf3 Nc6 3.Bb5 g6 4.Bxc6 bxc6 5.O-O Bg7 6.Re1 Nh6 7.c3 O-O 8.h3 f6
9.d4 Qb6 10.b3 cxd4 11.cxd4 Nf7 12.Nc3 d6 13.Be3 Qa5 14.Rc1 Bd7 15.Nd2 Rac8
16.Nc4 Qd8 17.Qd2 f5 18.e5 Be6 19.Qe2 Qd7 20.Rcd1 Nd8 21.exd6 exd6 22.Bf4 Bxc4
23.Qxc4+ Nf7 24.Na4 Rfe8 25.Rc1 Rxe1+ 26.Rxe1 Re8 27.Rxe8+ Qxe8 28.Bxd6 Qe1+
29.Kh2 Qxf2 30.Qe6 Bf8 31.Bxf8  1/2-1/2

[Event "ch-RUS u20g"]
[Site "Nojabrsk RUS"]
[Date "2005.03.08"]
[Round "7"]
[White "Tairova,E"]
[Black "Guseva,M"]
[Result "1/2-1/2"]
[WhiteElo "2277"]
[BlackElo "2261"]

1.e4 c5 2.Nf3 Nc6 3.Bb5 e6 4.O-O Nge7 5.c3 a6 6.Ba4 b5 7.Bc2 Bb7 8.Qe2 Ng6
9.d4 cxd4 10.cxd4 Nb4 11.Bb3 Rc8 12.Nc3 Nc6 13.Rd1 Na5 14.Bc2 Qc7 15.Bd3 Be7
16.e5 d6 17.exd6 Bxd6 18.Bxb5+ axb5 19.Nxb5 Bxh2+ 20.Nxh2 Qd7 21.Nc3 O-O
22.Nf3 Nc4 23.b3 Nd6 24.Na4 Qd8 25.Nc5 Ba8 26.Be3 Nf5 27.Rac1 h5 28.Ne1 h4
29.Qg4 Qd5 30.Nf3 Rfd8 31.Na4 Qb5 32.Ne1 Qa5 33.Bg5 Re8 34.Rc5 Qb4 35.Nc2 Qb7
36.Ne3 Nxe3 37.Bxe3 Qb4 38.Rdc1 Rxc5 39.Nxc5 Qa3 40.Rc2 Bd5 41.Qe2 h3 42.gxh3 Qa5
43.Nd3 Qd8 44.Ne1 e5 45.dxe5 Rxe5 46.Qg4 Be6 47.Qf3 Nh4 48.Qf4 Rf5 49.Rd2 Qf6
50.Qd4 Qg6+ 51.Qg4 Qf6 52.Bd4 Qh6 53.Be3 Qf6 54.Qd4 Qg6+ 55.Qg4 Qf6 56.Qd4 Qg6+
57.Qg4 Qf6 58.Qd4 Qg6+  1/2-1/2

[Event "ch-BLR"]
[Site "Minsk BLR"]
[Date "2005.03.09"]
[Round "6"]
[White "Kupreichik,V"]
[Black "Trifonov,D"]
[Result "1/2-1/2"]
[WhiteElo "2437"]
[BlackElo "2347"]

1.e4 c5 2.Nf3 Nc6 3.Bb5 g6 4.O-O Bg7 5.c3 e5 6.Na3 Nge7 7.Nc4 d5 8.Ncxe5 dxe4
9.Nxf7 Kxf7 10.Ng5+ Kf8 11.d3 Ne5 12.f4 Nf7 13.Bc4 Nh6 14.Nxe4 Bf5 15.Nxc5 Qd6
16.d4 b6 17.Nd3 Bxd4+ 18.cxd4 Qxd4+ 19.Nf2 Qxc4 20.g4 Bc2 21.Qf3 Qc6 22.Qh3 Nf7
23.b3 h5 24.Ba3 hxg4 25.Qe3 Qf6 26.Rac1 Bf5 27.Rc7 Re8 28.Re1 Nd6 29.Qd2 Ndc8
30.Bb2 Qh4 31.Bxh8 Qxh8 32.Ne4 Bxe4 33.Rxe4 Qf6 34.Rd7 b5 35.Qe2 Qc6 36.Rd1 Nf5
37.Rxe8+ Qxe8 38.Qxe8+ Kxe8 39.Kf2 Ncd6 40.Re1+ Kd7 41.Kg2 b4 42.Re5 Kc6
43.Re6 Kd5 44.Re5+ Kd4 45.Ra5 Ke3 46.Rxa7 Kd4 47.a3 Nh4+ 48.Kg1 bxa3 49.Rxa3 Ne4
50.b4 Nf3+ 51.Kg2 Ne1+ 52.Kf1 Nc2 53.Ra6 Nxb4 54.Rxg6 Nd5 55.h4 Ng3+ 56.Kf2 Nh5
57.Rg5 Ndf6 58.Kg2 Ke3 59.Re5+ Kd4 60.Rf5 Kd3 61.Rg5 Kd4 62.Kh2 Ke3 63.Kg2 Kxf4
64.Kh2 Ng3 65.Kg2 Nf5 66.Kh1 g3 67.Kg2 Ne3+ 68.Kg1 Nfg4 69.Rg8 Nh6 70.Rg6 Nhf5
71.h5 Ng4 72.Rg8 Ngh6 73.Rg6 Kf3 74.Rf6 Kg4 75.Kg2 Kh4 76.Rg6 Ng4 77.h6 Nfxh6
78.Rg7 Nf5 79.Rh7+ Ngh6 80.Ra7 Ng4 81.Ra4 Ne3+ 82.Kf3 Kh3 83.Ra8 Nf5 84.Kf4 Nh4
85.Ra3 Ng2+ 86.Kf3 N2e3 87.Ra2 Nd5 88.Ra1 Nh2+ 89.Ke4 Nc3+ 90.Kd3 Nd5 91.Rg1 Nf4+
92.Ke3 Ng2+ 93.Ke4 Ng4 94.Rh1+ Nh2 95.Rg1  1/2-1/2

[Event "Acropolis GM Open"]
[Site "Athens GRE"]
[Date "2005.03.10"]
[Round "5"]
[White "Ignatiadis,K"]
[Black "Skembris,S"]
[Result "0-1"]
[WhiteElo "2264"]
[BlackElo "2445"]

1.e4 c5 2.Nf3 Nc6 3.Bb5 g6 4.O-O Bg7 5.Bxc6 dxc6 6.d3 Nf6 7.h3 O-O 8.Nc3 Nd7
9.Re1 e5 10.a3 a5 11.Bd2 Re8 12.Ne2 a4 13.Ng3 Nf8 14.Be3 Ne6 15.c3 b6 16.Qd2 Ra7
17.Rad1 Rd7 18.Qc2 Ba6 19.c4 b5 20.b3 axb3 21.Qxb3 bxc4 22.dxc4 Bxc4 23.Rxd7 Bxb3
24.Rxd8 Rxd8 25.Nd2 Ba4 26.Rc1 Rd3 27.Nc4 Bb5 28.a4 Bxa4 29.Nb2 Ra3 30.Nxa4 Rxa4
31.Bxc5 Bh6 32.Rc2 Bf4 33.Be7 Nd4 34.Rb2 Kg7 35.Nf1 Bc1 36.Rb6 h5 37.g3 Rc4
38.Kg2 Rc2 39.h4 Ne6 40.Bd6 Kf6 41.Rb8 Bd2 42.Re8 Be1 43.g4 Rxf2+ 44.Kg1 hxg4
45.Ne3 Rf4 46.Nd5+ cxd5 47.exd5 Bf2+ 48.Kg2 Bc5  0-1